Introduction to lattices and order /
Guardado en:
| Autor Principal: | |
|---|---|
| Otros Autores: | |
| Formato: | Libro |
| Idioma: | English |
| Publicado: |
Cambridge, UK :
Cambridge University Press,
2002.
|
| Edición: | 2nd ed. |
| Materias: | |
| Acceso en línea: | Publisher description Google Book Search |
| Etiquetas: |
Agregar Etiqueta
Sin Etiquetas, Sea el primero en etiquetar este registro!
|
| LEADER | 01349cam a2200277 a 4500 | ||
|---|---|---|---|
| 001 | MAT.inmabb004035 | ||
| 008 | 010921s2002####enka#####b####001#0#eng## | ||
| 005 | 20130308121032.0 | ||
| 245 | 1 | 0 | |a Introduction to lattices and order / |c B. A. Davey, H. A. Priestley. |
| 250 | |a 2nd ed. | ||
| 260 | |a Cambridge, UK : |b Cambridge University Press, |c 2002. | ||
| 300 | |a xii, 298 p. : |b il. ; |c 23 cm. | ||
| 504 | |a Incluye referencias bibliográficas e índices. | ||
| 505 | 0 | |a 1. Ordered sets -- 2. Lattices and complete lattices -- 3. Formal concept analysis -- 4. Modular, distributive and Boolean lattices -- 5. Representation: the finite case -- 6. Congruences -- 7. Complete lattices and Galois connections -- 8. CPOs and fixpoint theorems -- 9. Domains and information systems -- 10. Maximality principles -- 11. Representation: the general case. | |
| 510 | 4 | |a MR, |c 2003e:06001 | |
| 020 | |a 0521784514 | ||
| 100 | 1 | |a Davey, B. A. | |
| 700 | 1 | |a Priestley, H. A. |q (Hilary A.) | |
| 246 | 3 | 0 | |a Lattices and order |
| 650 | 0 | |a Lattice theory. | |
| 084 | |a 06-01 (68Q55) |2 msc2000 | ||
| 010 | |a 2001043910 | ||
| 040 | |a DLC |c DLC |d DLC | ||
| 856 | 4 | 2 | |3 Publisher description |u http://www.loc.gov/catdir/description/cam022/2001043910.html |
| 856 | 4 | |u http://books.google.com/books?vid=ISBN0521784514 |y Google Book Search | |
| 859 | |h 06 |i D248 |p A-8363 |b BIB. MATEMATICA | ||
